| 000 | 00989cam a22003137a 4500 | ||
|---|---|---|---|
| 003 | CHAP | ||
| 005 | 20220329133117.0 | ||
| 008 | 971013s1987 co a r 00010 spa d | ||
| 010 | _a2256 | ||
| 011 | _a3228 | ||
| 035 | _a2428 | ||
| 040 | _cCHAP | ||
| 090 | _aFolleto 12725 | ||
| 100 | 0 | 0 |
_aRosero R., Alvaro. _9100149 |
| 245 | 1 | 0 |
_aBanano y plátano _b: enfermedades y plagas : guía práctica |
| 260 |
_aMedellín, Edinalco, _c1987 |
||
| 300 |
_a68 p. _b: ilus. |
||
| 590 |
_aBATCH-UPD _b10 _c20130110 _lUCH01 _h1730 |
||
| 590 |
_aBATCH-UPD _b10 _c20130410 _lUCH01 _h1111 |
||
| 590 |
_aBATCH-UPD _b10 _c20130914 _lUCH01 _h1922 |
||
| 590 |
_aCONVERSION _b10 _c20130109 _lUCH01 _h1302 |
||
| 650 | 1 | 4 |
_aPlátano _xColombia. _989220 |
| 650 | 1 | 4 |
_aPlátano _xEnfermedades. _989231 |
| 650 | 1 | 4 |
_aPlátano _xPlagas. _989258 |
| 901 | _aBK | ||
| 942 | _cFOLL | ||
| 949 |
_aFolleto 12725 _bBC _cFOLL _d33724002065644 _eTS2 _fc.2 _i2428 _si |
||
| 949 |
_aFolleto 12725 _bBC _cFOLL _d33724002065686 _eTS1 _i2428 _sb |
||
| 999 |
_c2256 _d2256 |
||